Movies Quiz

Random Movies or Director Quiz

David Wain Movies Quiz Stats

 Plays Quiz not verified by Sporcle

Support Sporcle.
Go Orange.
Score 0/6 Timer 04:00
0 Plays Today
Year Film % Correct
2001Wet Hot American Summer
100%
2012Wanderlust
83.3%
2007The Ten
50%
2008Role Models
50%
2014They Came Together
33.3%
2018A Futile and Stupid Gesture
33.3%

You're not logged in!

Compare scores with friends on all Sporcle quizzes.
OR
Log In

From the Vault

Tattoo My Body with... Literature

by Flick

Show me a man with a tattoo and I'll show you a man with an interesting past. - Jack London, 1883
Remove Ads.
Support Sporcle.
Get the best of Sporcle when you Go Orange. This ad-free experience offers more features, more stats, and more fun while also helping to support Sporcle. Thank you for becoming a member.

Show Comments

Extras

Created Feb 7, 2018ReportNominate
Tags:Director Quiz, Filmography

Top Quizzes Today


Score Distribution

Your Account Isn't Verified!

In order to create a playlist on Sporcle, you need to verify the email address you used during registration. Go to your Sporcle Settings to finish the process.

Report this User

Report this user for behavior that violates our Community Guidelines.

Details: